Culture Générale - Clic Quiz - La réponse est une émotion - Statistiques

Statistiques générales
  • Ce quiz a été pris 136 fois
  • Le résultat moyen est 19 sur 32
Statistiques - réponses
Hint Réponse % Correct
Œuf lancé dans les années 1970 qui renferme toute la saveur du chocolat KINDER, associée à l'effet qu'il provoque avec un cadeau toujours nouveau : Kinder _________ Surprise
91%
Maladie mortelle d'origine virale transmise à l'homme par la morsure de certains animaux, et caractérisée par des convulsions ou de la paralysie Rage
89%
Disgust en anglais Dégoût
87%
Compléte le nom de l'hymne officiel de l'Union européenne : " Ode à la _______" Joie
86%
Compléte le nom de la comédie policière de 1994 écrite par le trio comique Les Nuls : La Cité de .._______" Peur
86%
Déviation calculée (divertissement) ou spontanée de l'attention chez un individu. On dit désormais du téléphone portable qu'elle est la plus grande _______ moderne Distraction
79%
Revenu dû par l'emprunteur au prêteur Intérêt
78%
Compléte l'expression signifiant Amener quelqu’un à reconnaître sa supériorité, sa qualité : Forcer l. __________ Admiration
76%
Complète le nom de ce groupe pop franco-américain surtout connu pour son succès de l'année 1981, Chacun fait (c'qui lui plaît) : "________ d'amour Chagrin
76%
Technique de combat consistant à faire abandonner son adversaire à l'aide de certaines techniques comme les étranglements ou les clés articulaires. En judo sportif, il est plus précisément question de « techniques d'abandon » Soumission
74%
On peut le tuer et le tromper à l'infinitif ou en avoir et s'en attirer au pluriel selon différentes expressions Ennui
73%
Période de la Révolution française s'étendant entre 1793 et 1794. Elle est caractérisée par la mise en place d'un gouvernement révolutionnaire centré sur le Comité de salut public et le Comité de sûreté générale Terreur
71%
Compléte le titre d'une chanson de Stephan Eicher sortie en 1993 : "Ni __s, ni regrets" Remord
70%
Mot peu utilisé, État de l'esprit qui s'abandonne à des pensées vagues, chimériques Songerie
70%
Complète le nom du premier roman de Françoise Sagan, publié en 1954 alors qu'elle n'a que 18 ans : "Bonjour ______" Tristesse
70%
Fleuve d'Asie. Il s'étend sur 4 354 km depuis la source de l'Argoun, ce qui en fait le premier fleuve de Sibérie Amour
67%
Compléte le nom de ce film sorti en 2012 avec Liam Neeson : ".. ______ des Titans" Colère
67%
Compléte le nom de la chanson en version française de Kaa, le serpent envoûtant du Livre de la jungle pour hypnotiser Mowgli : "Aie _______" Confiance
67%
Religieuse, charnelle ou assistée par la drogue, c'est aussi un parfum emblématique de Nina Ricci Extase
67%
Genre littéraire et cinématographique, constitué par les œuvres dont l'action se déroule dans le futur, proche ou lointain. Ce genre est souvent lié à la science-fiction, mais pas systématiquement Anticipation
66%
Au volant ou de Météo France notamment Vigilance
62%
Titre honorifique ou qualification de souverains ou princes Sérénité
59%
Droit permettant, seulement en cas de flagrant délit, de 'saisir au corps' le suspect et de le conduire devant l'officier de police judiciaire le plus proche Appréhension
53%
En droit : Approbation dans les formes légales. Pour les banques : Promesse de payer à échéance Acceptation
49%
Compléte le nom de ce film français de 2001 avec Fabrice Luchini et Nathalie Baye : "Barnie et ses petites _________s" Contrariété
47%
Thérapie qui consiste à provoquer un conditionnement chez une personne ayant une dépendance ou un comportement réprouvé, en associant ceux-ci à un stimulus désagréable: Thérapie par _______ Aversion
37%
C'est la carte de visite des imbéciles selon une citation de l'humoriste et comédien français Pierre Dac. C'est aussi un film de 1963 de Jean-Luc Godard, avec Brigitte Bardot et Michel Piccoli : "L. ___________" Mépris
27%
Comprise comme une manifestation de l'union-désunion des pulsions de vie et de mort, selon la dernière théorie des pulsions de Freud Agressivite
26%
Compléte cette citation de Marcel Proust : " Je n'en sentis pas moins, le rideau tombé, un ___________ que ce plaisir que j'avais tant désiré n'eût pas été plus grand." Désappointement
26%
Excès combattu par Pie IX lorsque celui-ci proclame le dogme de l'Immaculée Conception, qui donnait un sens bien particulier à la grâce et obligeait les théologiens de se rallier au magistère Optimisme
19%
En droit suisse, vice du consentement décrit par le Code des obligations quand elle est fondée Crainte
17%
Dans le bâtiment : Ebranlement d'une maçonnerie sous l'effet d'une brusque sollicitation accidentelle Étonnement
16%
Aucun quiz correspondant
Distribution des résultats
% des personnes avec chaque résultat
Percentile par nombre de réponses
Votre historique - résultats
Vous n’avez pas pris ce quiz